000 00565nam a2200229Ia 4500
003 OSt
005 20220924150902.0
006 a|||||r|||| 00| 0
007 ta
008 220923b |||||||| |||| 00| 0 ara d
024 _a335097
037 _cTextual
040 _aARTS
_cARTS
_bara
041 _2ara
_aara
082 _aO28:g, K4
100 _aBudvi Ahmad Au.
_9223167
245 0 _aAsusul naqadul adbi
260 _c1964
650 _aARABIC LITERATURE
942 _hO28:g, K4
_cTEXL
_2CC
999 _c464894
_d464894